000 01005nam a2200325 i 4500
003 EG-GICUC
005 20260508124350.0
008 260508s1963 fr ||||fr|||| 00| 0 fre d
040 _aEG-GiCUC
_bfre
_cEG-GiCUC
_dEG-GiCUC
_eRda
041 _afre
082 0 4 _221
_a345.251
_bBO.D
092 0 4 _221
099 _aLaw1 07 345.251 BO.D 1963
100 1 _a Bourjol , Maurice
_eAuteur
245 _aLes Districts Urbains /
_cMaurice Bourjol .
264 _aParis :
_bÉDITIONS BERGER-LEVRAULT ,
_c1963 .
300 _a323 page ;
_c 24 cm.
336 _2rda contenu
_a texte
337 _2rda medias
_aOrdinateur
338 _2 transporteur rda
_a Ressource en ligne
490 _aAdministration générale
546 _aTexte en français
650 1 _aDroit administratif
650 1 _aUnités de gouvernement local
651 1 _2qrmak
700 1 _aM. Georges VEDEL
_ePréfacier
856 4 0 _uhttps://fll.law.cu.edu.eg/fulltext/bks/B07-05729.pdf
905 _a60
942 _2ddc
_cBK
_e21
_n0
999 _c76260
_d76260